Sistema Centrifugado del combustible para la planta generadora de energía eléctrica

La investigación determina las condiciones de óptimo trabajo en el funcionamiento de las centrifugadoras y se realiza un estudio de mejoramiento continuo del combustible así como la de la misma, esto garantiza que el combustible sea mejor para el motor dando un periodo de vida más largo y un apr...

Full description

Bibliographic Details
Main Authors: Francis Centeno, Gamaliel José, Norori Flores, José Alfonso
Other Authors: Tutor: Artola Chavarría, Lester Antonio
Format: Tesis Section = Libro
Language:Undetermined
Spanish
Published: Managua UNI 2015
Subjects:
LEADER 01173nam a2200265Ia 4500
008 240830s9999 xx 000 0 und d
040 |a BIBLIOTECA-RUPAP Mon 621.67 F818 
041 |a spa 
082 |a Mon 621.67 F818 
100 1 |a Francis Centeno, Gamaliel José 
100 1 |b  Norori Flores, José Alfonso 
245 1 0 |a Sistema Centrifugado del combustible para la planta generadora de energía eléctrica 
260 |a Managua  |b UNI  |c 2015 
300 |a 71 p. :il. 
500 |a Contiene: anexos y CD. 
502 |a Tesis (Ingeniero Mecánico)- UNI, 2015. 
520 3 |a La investigación determina las condiciones de óptimo trabajo en el funcionamiento de las centrifugadoras y se realiza un estudio de mejoramiento continuo del combustible así como la de la misma, esto garantiza que el combustible sea mejor para el motor dando un periodo de vida más largo y un aprovechamiento superior al momento de realizar el trabajo. 
650 7 |a CENTRIFUGA 
650 7 |b PURIFICADORA 
650 7 |c PLANTA DE GENERACION TERMICA 
650 7 |d MOTOR TACTIL 
700 1 |a Tutor:  |b Artola Chavarría, Lester Antonio 
942 |c BK  |2 ddc 
991 |a TESIS 
999 |c 15795